000 00604nam a2200241 i 4500
001 C2-0107176
003 PPAK
005 20180727102146.0
008 970615s1994 nyu |||| ||||| | eng d
020 _a0689121989
040 _aPPAK
_beng
_cPPAK
_erda
082 0 4 _a823
_223
090 0 0 _a823
_bCUL
_dG
100 1 _aCullen, Robert,
_eauthor
245 1 0 _aCover story
264 1 _aNew York :
_bAtheneum ,
_c1994
300 _a312 pages ;
_c25 cm
336 _2rdacontent
_atext
337 _2rdamedia
_aunmediated
338 _2rdacarrier
_avolume
650 1 0 _aEnglish fiction
942 _ddc
_cB
999 _c26276
_d26276